000 01381nam a2200325 a 4500
001 000002670
003 DO-SdBNP
005 20260521073716.0
008 090703s2006 dr 001 0 spa d
020 _a9945130188
040 _aDO-SdBNP
_bspa
_cBNPHU
082 4 _a972.9368
_bH557m, 2006
_222
100 1 _aHernández, Ricardo,
_d1964-
_91971
245 1 4 _aLos movimientos sociales en el municipio de Cotuí :
_b(1975-1993) /
_cRicardo Hernández ; presentación Mu-Kien Adriana Sang Beng ; Pedro Hernández Paulino.
250 _a2a. ed.
260 _aSanto Domingo :
_bComisión Permanente de Efemérides Patrias,
_c2006.
300 _a179 p. ;
_c28 cm.
500 _aIncluye índice
500 _aSegundo lugar en el concurso nacional sobre historia y desarrollo de las provincias (Cibao Oriental) 2000
504 _aBibliografía : p. 159-174
650 0 _aMovimientos sociales
_zRepública Dominicana
_923226
_2LEMB
650 4 _aCiudades y pueblos
_zRepública Dominicana
_9784
650 4 _aHistoria social
_zRepública Dominicana
_98425
651 0 _aCotuí (República Dominicana)
_98423
_xHistoria local
651 4 _aCotuí (República Dominicana)
_xVida social y costumbres
_98426
700 1 _aHernández Paulino, Pedro,
_epról.
_98427
700 1 _aSang, Mu-Kien A.
_d1955-
_q(Mu-Kien Adriana)
_9331
910 _aJornada de catalogación
942 _2ddc
_cLBS1
999 _c2506
_d2506